000 00560nam a2200169Ia 4500
003 IN-BaIIA
008 211028s9999 xx s 000 0 eng d
020 _a9780819430465 (Print)
040 _cIIA Library
100 _aPluta, Maksymilian, ed.
_917090
245 0 _aOphthalmic Measurements and Optometry
_h[eBook]
260 _aWashington, USA
_bSPIE
_c1998
300 _aOnline resource
490 _aProceedings of SPIE; V. 3579
856 _uhttps://www.spiedigitallibrary.org/conference-proceedings-of-spie/3579
_yClick Here to Access eBook
942 _cEB
999 _c29324
_d29324